000 00866nam a2200253Ia 4500
999 _c41498
_d41498
001 8165
003 GE_BSU
005 20240401110755.0
008 181216s2012||||ru |||||||||||||| ||rus||
020 _a9785903927203
040 _cGE_BSU
041 _arus
080 _a3(100) Г-59
245 _aГод планеты :
_bЕжегодник, Экономика, политика, безопасность /
250 _aВып. 22
264 _aМосква :
_bИдея-Пресс,
_c2012.
300 _a480 тр. ;
_c21см.
653 _aГод планеты
653 _aЕжегодник
653 _aЭкономика
653 _aეკონომიკა
710 _aИнститут мировой экономики и международных отношении Россииской акад. наук
_921644
942 _cBK
_2udc